Statistics for Animal Emojis

Click here to take the quiz!

General Stats

  • This quiz has been taken 51,412 times
    (16,146 since last reset)
  • The average score is 50 of 93

Answer Stats

EmojiAnimal% Correct
Cat
95%
Dog
95%
Lion
89%
Tiger
87%
Cow
84%
Snake
84%
Pig
82%
Horse
81%
Elephant
80%
Shark
79%
Whale
79%
Bear
77%
Unicorn
77%
Monkey
75%
Ant
74%
Chicken
73%
Eagle
73%
Giraffe
73%
Bee
72%
Frog
72%
Sheep
71%
Dolphin
70%
Crocodile
69%
Lizard
69%
Mouse
69%
Spider
69%
Butterfly
68%
Dragon
68%
Zebra
67%
Rat
63%
Goat
62%
Parrot
61%
Rabbit
61%
Gorilla
60%
Turtle
60%
Wolf
60%
Dodo
59%
Fly
59%
Deer
58%
Duck
58%
Hippopotamus
57%
Rhinoceros
57%
T-Rex
57%
Fox
56%
Panda
54%
Dove
53%
Kangaroo
53%
Penguin
52%
Worm
52%
Koala
51%
Leopard
51%
Donkey
50%
Octopus
47%
Crab
46%
Bat
45%
Bison
45%
Camel
45%
Chipmunk
45%
Ladybug
44%
Mammoth
44%
Moose
44%
Snail
44%
Seal
43%
Hamster
43%
Flamingo
42%
Goose
42%
Owl
42%
Swan
41%
Turkey
41%
Beetle
38%
Llama
38%
Lobster
37%
Mosquito
37%
Raccoon
37%
Squid
36%
Water Buffalo
35%
Orangutan
34%
Beaver
33%
Peacock
33%
Scorpion
33%
Sloth
33%
Shrimp
32%
Cockroach
31%
Jellyfish
31%
Otter
31%
Skunk
30%
Hedgehog
30%
Badger
26%
Cricket
25%
Blowfish
24%
Sauropod
19%
Coral
10%
Sponge
7%

Score Distribution

Percentile by Number Answered

Percent of People with Each Score

Your Score History

You have not taken this quiz since the last reset